000 00436nam a22001697a 4500
003 NUST - PNEC
005 20170116181124.0
008 151005b xxu||||| |||| 00| 0 eng d
020 _a-
040 _cLIBRARY
082 _a671.823 DIC
100 _913619
_aDickason, A. (Alfred)
245 _aThe technology of sheet metal work : for students and craftsmen
_cA. Dickason
260 _cc.1961
650 _xME
942 _2ddc
_cBK
999 _c69685
_d69685